000 00443nam a2200169Ia 4500
008 090711s9999 xx 000 0 und d
082 _b18256
100 _aशिंदे जयसिंग
245 _aशर्यत
260 _c1964
300 _a106
600 _aशिंदे जयसिंग
630 _aशर्यत
700 _aशिंदे जयसिंग
730 _aशर्यत
942 _cBOOK
999 _c313964
_d313964